[Event "Belfort Comtois 4th"]
[Site "Belfort"]
[Date "1999.12.20"]
[Round "8"]
[White "Zvjaginsev, Vadim"]
[Black "Bologan, Viktor"]
[Result "1/2-1/2"]
[WhiteElo "2652"]
[BlackElo "2620"]
[Annotator "Hecht,H"]
[PlyCount "145"]
[EventDate "1999.12.13"]
[EventType "tourn"]
[EventRounds "6"]
[EventCountry "FRA"]
[EventCategory "15"]
[SourceTitle "CBM 075"]
[Source "ChessBase"]
[SourceDate "2000.04.05"]
[SourceVersion "1"]
[SourceVersionDate "2000.04.05"]
[SourceQuality "1"]

1. d4 Nf6 2. c4 g6 3. Nc3 Bg7 4. e4 d6 5. Be2 O-O 6. Nf3 e5 7. d5 a5 8. Bg5 h6
9. Be3 Ng4 10. Bc1 Na6 11. O-O Nc5 12. g3 h5 13. Nh4 Bh6 14. Bxh6 Nxh6 15. Qd2
Kg7 16. f3 Bh3 17. Rf2 g5 18. Ng2 f6 19. f4 Bxg2 20. Kxg2 exf4 21. gxf4 g4 22.
Re1 f5 23. Qd4+ Kh7 24. Bd3 Qh4 25. Re3 Qf6 26. Qxf6 Rxf6 27. e5 Rf7 28. Bc2
Kg7 29. Nb5 Rd8 30. Nd4 c6 31. Kg3 dxe5 32. Rxe5 cxd5 33. cxd5 Rfd7 34. Rd2 Kf6
35. Ne6 Nxe6 36. Rxe6+ Kg7 37. Re5 Rd6 38. Kh4 Kg6 39. Ba4 Ng8 40. Be8+ Kf6 41.
Rde2 Rxd5 42. Re6+ Kg7 43. Kg5 h4 44. Rb6 Kf8 45. Bg6 R8d7 46. Kxh4 Ne7 47.
Rf6+ Kg7 48. Kg5 Nc6 49. Be8 Nd4 50. Rg6+ Kh7 51. Bxd7 Nxe2 {[#]
Endspiel-Taktik} 52. Re6 (52. Bxf5 Nd4 (52... g3 53. hxg3 (53. Rd6+ Rxf5+ 54.
Kxf5 gxh2 55. Rd1 Ng3+ 56. Ke6 (56. Kg4 h1=Q 57. Rxh1+ Nxh1 58. Kf3 Kg6 59. Kg2
Kf5 60. Kxh1 Kxf4 61. Kg2 Ke3 $19) 56... h1=Q 57. Rxh1+ Nxh1 58. f5 $11 {
[%csl Ra5,Rb7]}) 53... Nxg3 54. Rh6+ Kg7 55. Rg6+ Kf7 56. Rf6+ Kg7 $11) 53.
Rd6+ Rxf5+ 54. Kxg4 Nb5 (54... Rb5 55. Rxd4 Rxb2 56. a3 $14) 55. Rb6 Nd4 56.
Rxb7+ Kg6 $14) 52... Nd4 53. Re7+ Kg8 54. Kf6 b5 55. b3 b4 56. Rg7+ Kf8 57.
Rf7+ Kg8 58. Re7 Kh8 59. Be6 Nxe6 60. Rxe6 Kh7 61. Kg5 Rd2 62. Re7+ Kg8 63.
Kxf5 Rxh2 64. Kg6 Kf8 65. Re3 Rxa2 66. f5 g3 67. Rxg3 a4 68. bxa4 Rxa4 69. Rh3
Ra1 70. Rh8+ Ke7 71. f6+ Ke6 72. Re8+ Kd5 73. f7 1/2-1/2

[Event "Biel GM"]
[Site "Biel"]
[Date "2000.08.03"]
[Round "9"]
[White "Milov, Vadim"]
[Black "Ponomariov, Ruslan"]
[Result "1/2-1/2"]
[WhiteElo "2626"]
[BlackElo "2630"]
[Annotator "Huzman,A"]
[PlyCount "111"]
[EventDate "2000.07.24"]
[EventType "tourn"]
[EventRounds "10"]
[EventCountry "SUI"]
[EventCategory "16"]
[SourceTitle "CBM 079"]
[Source "ChessBase"]
[SourceDate "2000.11.21"]
[SourceVersion "1"]
[SourceVersionDate "2000.11.21"]
[SourceQuality "1"]

1. d4 Nf6 2. c4 g6 3. Nc3 Bg7 4. e4 d6 5. Be2 O-O 6. Bg5 Na6 7. Nf3 h6 8. Be3
Ng4 9. Bc1 e5 10. O-O (10. h3 exd4 11. Nxd4 Nf6 12. O-O Nc5 13. Bf3 Re8 14. Re1
c6 15. Rb1 a5 16. Bf4 Nh7 $11 {Milov,V-Gabriel,C / Schweiz 1999}) 10... c6 (
10... Qe8 11. dxe5 dxe5 12. b3 Qe6 13. Ba3 c5 14. Nd5 Nf6 15. Qc2 b6 16. Bb2
Nd7 17. a3 Bb7 18. b4 Rfc8 19. Rfd1 $14 {1-0 Milov,V-Gallagher,J/Pula 2000/CBM
77/ (31)}) 11. dxe5 (11. h3 exd4 (11... Nf6 12. Re1 Re8 13. d5 cxd5 $6 14. cxd5
Nc5 15. Bf1 a5 16. a4 Bd7 17. Nd2 Rf8 18. Nc4 Ne8 19. f4 $16 {
Todorovic-Kecskes, Budapest 1995}) 12. Nxd4 Nf6 13. Re1 (13. Bf4 Re8 14. Bf3
Nd7 15. Qd2 Ne5 16. Be2 Qh4 17. Bg3 Qf6 18. Rad1 Nc5 19. Nb3 Ned7 20. Qc2 Bf8
21. Rd2 $14 {1-0 Zhu Chen-Tong Yuanming/Beijing 1998/CBM 66 (65)}) 13... Nc5
14. Bf3 Re8 15. Bf4 g5 16. Bc1 d5 17. cxd5 cxd5 18. exd5 Rxe1+ 19. Qxe1 g4 20.
hxg4 Nxg4 21. Be3 Nd3 22. Qd2 Nxe3 23. Qxd3 Bxd4 24. Qxd4 Nc2 25. Qe5 Nxa1 26.
Ne4 $40 {1/2-1/2 Hort,V-Arakhamia,K/Copenhagen 1997/CBM 61/ (29)}) 11... dxe5
12. h3 Nf6 13. Qxd8 Rxd8 14. Be3 Ne8 (14... Be6 $5 15. Rfd1 (15. a3 Nh5) (15.
Nxe5 Nxe4 16. Nxe4 Bxe5 17. Bxh6 Rd4 $132) 15... Nd7 16. a3 Ndc5 17. Rxd8+ (17.
b4 Nb3 18. Rab1 Nd4) (17. Rab1 Rxd1+ 18. Rxd1 Nb3 $11) 17... Rxd8 18. Rb1 f5
$132) 15. Rfd1 Rxd1+ 16. Rxd1 Be6 17. a3 $14 Nac7 18. Nd2 Bf8 19. Na4 $1 b6 20.
b4 Rd8 21. c5 b5 22. Nb2 f6 23. Nb3 Rxd1+ 24. Bxd1 Kf7 25. f4 (25. Na5 Bd7 26.
Nd3 Ne6 27. Bb3 Ke7 28. f4 exf4 29. Bxf4 $5 $36) 25... exf4 26. Bxf4 Bxb3 27.
Bxb3+ Ke7 28. Nd3 Bg7 (28... h5 29. Bxc7 $5 Nxc7 30. Nf4 g5 31. Ng6+ Ke8 32.
Bd1 a5 (32... h4 33. Bh5 $16) 33. Bxh5 axb4 34. axb4 Na6 35. Ne5+ Kd8 36. Nxc6+
(36. Nd3 $2 Nxb4) 36... Kd7 37. Nd4 Nxb4 38. Bg4+ Ke8 39. c6 $16) 29. Kf2 (29.
g4 $5 {[%csl Rh6]}) 29... a6 30. Ke3 (30. g4) 30... Ne6 31. Bb8 h5 $1 32. Nf4
Bh6 (32... Nxf4 33. Bxf4 $16 {[%csl Ra6,Rc6,Re8,Rg7]}) 33. g3 $1 N8c7 34. Bd1
Kd7 35. Kf3 $1 Ng5+ (35... Nxf4 36. gxf4 a5 37. bxa5 $1 Bf8 38. e5 fxe5 39. Bc2
$1 Bxc5 40. Bxg6 exf4 41. Bxh5 $16) (35... Bxf4 36. gxf4 a5 37. bxa5 Na6 38.
Ba7 Nexc5 39. Ke3 $16) 36. Kg2 Nxe4 37. Nxg6 Kc8 38. Bxc7 Kxc7 39. Bxh5 $16 Bc1
40. Bf3 (40. Nf4 Bxa3 41. Nd3 $16 a5 42. Bg6 Nc3 43. h4 Bxb4 44. Nxb4 axb4 45.
h5 $18) 40... Ng5 41. h4 (41. Nf4 Bxa3 42. Nd3 Nf7 43. h4 Ne5 44. Nxe5 fxe5 45.
g4 Bxb4 46. g5 Bxc5 47. Kh3 Kd6 $11) 41... Nf7 42. Ne7 Ne5 43. h5 f5 $1 (43...
Kd7 44. Ng6 Ke6 45. Nxe5 Kxe5 46. Bxc6 f5 47. Bb7 Bxa3 48. h6 $18) 44. Nxf5
Bxa3 $132 45. h6 Bxb4 46. Nd4 (46. h7 $1 Ng6 (46... Nf7 47. Nd4 (47. Nd6 Nh8
48. Ne4 a5 $11) 47... Bxc5 (47... Bc3 48. Nxc6 a5 (48... b4 49. Ne7 $18) 49.
Bd5 Nh8 50. Kf3 a4 51. Ke4 b4 52. Nd4 $16) 48. Ne6+ Kb6 (48... Kd6 $2 49. Nd8
Nh8 50. Nb7+ $18) 49. g4 Be7 (49... a5 50. g5 Nh8 51. Nxc5 Kxc5 52. Be4 $18)
50. g5 Nh8 51. Be4 a5 52. g6 Bf6 53. g7 Bxg7 54. Nxg7 a4 55. Kf3 b4 $132) 47.
Bxc6 (47. Nd4 Bc3 48. Nxc6 b4 {-see game}) 47... Bxc5 48. Be8 Nh8 $14) 46...
Bc3 47. h7 Ng6 48. Nxc6 b4 49. Na5 (49. Be4 b3 50. Kf2 b2 51. Ke2 b1=Q 52. Bxb1
Kxc6 53. Bxg6 Kxc5 $11) 49... Nf8 50. Be4 Ne6 51. Nb3 a5 $11 52. Bf5 a4 53.
Bxe6 axb3 54. Kf3 Kc6 55. Kf4 b2 56. Ba2 (56. Ba2 Kxc5 57. Kf5 Kd6 58. Kg6 Ke7
$11) 1/2-1/2

[Event "Olympiad-34"]
[Site "Istanbul"]
[Date "2000.11.02"]
[Round "6.1"]
[White "Gelfand, Boris"]
[Black "Shirov, Alexei"]
[Result "1-0"]
[WhiteElo "2681"]
[BlackElo "2746"]
[Annotator "Gelfand/Huzman"]
[PlyCount "81"]
[EventDate "2000.10.28"]
[EventType "team-swiss"]
[EventRounds "14"]
[EventCountry "TUR"]
[SourceTitle "EXT 2001"]
[Source "ChessBase"]
[SourceDate "2000.11.22"]
[SourceVersion "1"]
[SourceVersionDate "2000.11.22"]
[SourceQuality "1"]
[WhiteTeam "Israel"]
[BlackTeam "Spain"]
[WhiteTeamCountry "ISR"]
[BlackTeamCountry "ESP"]

1. d4 Nf6 2. c4 g6 3. Nc3 Bg7 4. e4 d6 5. Nf3 O-O 6. Be2 e5 7. Be3 c6 8. d5
cxd5 9. cxd5 Ng4 10. Bg5 (10. Bd2 Na6 11. O-O f5 12. Ng5 Nf6 13. Ne6 $1 Bxe6
14. dxe6 Nxe4 15. Nd5 Re8 16. Rc1 Nac5 17. e7 $16 {1-0 Greenfeld,A-Avrukh,B/
Israel 73/662 1998/Inf 73/[Greenfeld,A] (33)}) 10... f6 (10... Qb6 11. O-O f6
12. Bh4 h5 13. Nd2 Nh6 14. Nc4 Qd8 15. f3 Nf7 16. a4 g5 17. Bf2 f5 18. exf5
Bxf5 19. Bd3 $16 {1-0 Shipov,S-Bezman,V/St.Petersburg 1994/CBM 43 ext (30)})
11. Bh4 h5 (11... Nh6 12. O-O Nf7 13. Ne1 Bh6 14. Nd3 Nd7 15. a4 a5 16. Kh1 b6
17. b4 Ba6 18. Nb5 Bxb5 19. axb5 Bg5 20. Bg3 axb4 21. Nxb4 Nc5 22. Qc2 Qd7 23.
Nc6 Bf4 {0-1 Rey,G-Frias,V/San Francisco 1997/EXT 99 (40)}) (11... Nd7 12. Nd2
Nh6 13. g4 (13. f3 a6 14. a4 Rf7 15. Nc4 Bf8 16. a5 Qe8 17. Na4 f5 18. Nab6 $16
{1/2-1/2 Winants,L-Klinger,J/Wch jr Copenhagen 1982 (38)}) 13... Nf7 14. Qc2 a6
15. a4 Bh6 16. a5 Bxd2+ 17. Qxd2 g5 18. Bg3 Nh8 19. f3 Ng6 20. Na4 b5 21. axb6
Nxb6 22. O-O Nf4 23. Bxf4 exf4 24. Kg2 Nxa4 25. Rxa4 Qb6 26. Rfa1 $14 {1/2-1/2
Sadler,M-Parmentier,X/Hastings 1988/EXT 97 (41)}) (11... g5 12. Bg3 f5 13. exf5
Bxf5 14. h4 h6 15. hxg5 hxg5 16. Nd2 Nf6 17. Nc4 Na6 18. Bd3 e4 19. Be2 Ne8 20.
Nb5 Bg6 21. Bh5 Rf6 22. Bxg6 Rxg6 23. Qg4 $16 {1-0 Volkov,S-Shishkin,V/Minsk
1996/CBM 52 ext (37)}) (11... Qe7 12. Nd2 h5 13. Nc4 Nh6 14. f3 Nf7 15. O-O Bh6
16. a4 $16 {1-0 Ehlvest,J-Seeman,T/Tallinn/ Parnu 1998/CBM 66/[Huzman] (35)})
12. Nd2 Na6 13. Nc4 Nh6 14. f3 Nf7 (14... g5 $5 15. Bf2 f5 16. Nb5 $16) 15. O-O
Bd7 16. a4 (16. Qb3 $5) 16... Qb8 17. Nb5 Rc8 18. Bf2 Bh6 (18... Nc5 19. b4 Na6
20. Qb3 $16) 19. Qb3 $1 {[%csl Rd6][%cal Gb3a3,Ga3d6,Gb5d6,Gc4d6]} Nc5 (19...
Kf8 20. Qa3 Ke7 21. b4 $16 {[%cal Ga1a2,Ga2c2]} Nc7 $140 $2 22. Nbxd6 Nxd6 23.
Nxd6 $18) 20. Qa3 (20. Qb4 b6) 20... a6 $2 (20... b6 21. b4 Bxb5 (21... Nb7 22.
Qb3 $16) 22. axb5 Nd7 23. Ne3 $5 $16 {[%cal Gf1c1,Gc1c6]} (23. Be3 Bxe3+ 24.
Nxe3 $16)) {[%tqu "En","Is there a tactical way to get decisive advantage?","",
"","b5d6","",10,"b5c3","",0]} 21. Nbxd6 $1 (21. Nc3 $5 b5 22. axb5 Bxb5 (22...
axb5 23. Qxa8 Qxa8 24. Rxa8 Rxa8 25. Nb6 Rd8 26. b4 $18) 23. Nxb5 Qxb5 24. Rfe1
$16) 21... Nxd6 {[%tqu "En","Find the most precise move","","","c4b6","",10,
"f2c5","",0]} 22. Nb6 $1 (22. Bxc5 Nxc4 23. Bxc4 Bxa4 (23... b6 24. Bd6) 24.
d6+ Kh8 (24... Kg7 25. Be6 Rc6 26. Bd5 Rc8 27. Qxa4 Rxc5 28. Qd7+ Kh8 29. Qf7
$40) 25. Be6 Rc6 26. Bd5 Bb5 (26... Rc8 27. Be3 $1 $18) 27. Rfd1 $16) 22... Bf8
(22... Ncxe4 23. fxe4 Qc7 24. Be3 $1 Bxe3+ 25. Qxe3 $18) 23. b4 $1 Ncxe4 24.
fxe4 Be8 (24... Nxe4 25. Nxd7 Rc3 26. Nxf6+ $18) (24... Rd8 25. Qe3 $18) 25.
Qf3 Be7 26. Nxa8 Qxa8 27. Bc5 $18 Qb8 28. a5 (28. Qh3 $5) 28... Qc7 29. Rac1
Qd7 30. Bd3 Kg7 31. Qe3 Bf7 32. Bb6 Rxc1 33. Rxc1 Qa4 34. Bc5 g5 35. Qf2 Qd7
36. Qc2 h4 37. h3 Bg6 38. Bb6 Kh6 39. Qc7 Qe8 40. Bc5 Qf8 41. Rf1 (41. Bxd6
Bxd6 42. Qxb7 Bxb4 43. Rc8 $18) 1-0

[Event "FRA-chT Gp-A"]
[Site "France"]
[Date "2003.04.03"]
[Round "4.1"]
[White "Marcelin, Cyril"]
[Black "Bologan, Viktor"]
[Result "0-1"]
[WhiteElo "2503"]
[BlackElo "2630"]
[Annotator "Tsesarsky,I"]
[PlyCount "80"]
[EventDate "2003.01.31"]
[EventType "team"]
[EventRounds "7"]
[EventCountry "FRA"]
[SourceTitle "CBM 095"]
[Source "ChessBase"]
[SourceDate "2003.07.25"]
[SourceVersion "1"]
[SourceVersionDate "2003.07.25"]
[SourceQuality "1"]
[WhiteTeam "Noyon"]
[BlackTeam "Gonfreville"]
[WhiteTeamCountry "FRA"]
[BlackTeamCountry "FRA"]

1. d4 g6 2. e4 Bg7 3. Nf3 d6 4. c4 Nf6 5. Nc3 O-O 6. Be2 e5 7. Be3 Ng4 8. Bg5
f6 9. Bc1 exd4 10. Nxd4 f5 11. Bxg4 ({Badly is} 11. exf5 $2 {in veiw of} Nxf2 (
11... gxf5 $2 12. Bf4 $14 (12. O-O $2 Nxh2 13. Kxh2 Qh4+ 14. Kg1 Bxd4 15. Nb5 (
15. Qd3 Nc6 $15 {0-1 Strejcek,P-Goldobin,T/Plzen 1998/EXT 2000 (29)}) 15... Bb6
16. Qd5+ Kg7 17. c5 dxc5 18. Qe5+ Qf6 19. Qg3+ Kh8 20. Nxc7 $44)) 12. Kxf2 Qh4+
13. g3 Qxd4+ 14. Qxd4 Bxd4+ 15. Kg2 Bxf5 $17 {0-1 Iskusnyh,S-Sudakova,I/St
Petersburg 2002/CBM 86 ext (51)}) (11. O-O Nc6 12. Nxc6 bxc6 13. exf5 gxf5 14.
h3 Nf6 15. Bf3 {-see commented ame 0-1 Van der Sterren,P-Kamsky,G/Wijk aan Zee
1994/CBM 39 [Belov](36)}) 11... fxg4 12. Be3 c6 $5 $132 {Not bad novelty.} (
12... Nc6 {This move leads to position's simplification by} 13. Qd2 (13. Nxc6
bxc6 14. Bd4 Be6 (14... Bh6 15. O-O Be6 16. c5 Rb8 17. Qa4 Rxb2 18. Qxc6 Rb4
19. Rad1 Rc4 20. Nd5 Bd7 21. Qb7 $16 (21. Nf6+ $4 Qxf6 {0-1 Greenfeld,A-Nedev,
T/Halkidiki 2002/CBM 92 no vc (21)})) 15. O-O Rb8 16. b3 Bxd4 17. Qxd4 Qf6 18.
Rad1 $14 {1/2-1/2 Ayupov,D-Solovjov,S/St Petersburg 2002/CBM 86 ext (62)})
13... Bd7 14. O-O Ne5 15. b3 Qh4 16. Kh1 Rf7 17. Nde2 h6 18. Ng3 Raf8 19. Rac1
Nc6 $11 {1-0 Donner,J-Medina Garcia,A/Buesum 1968/EXT 2002 (36)}) 13. Qd2 Re8
14. Nde2 $6 $15 (14. O-O Nd7 15. Rad1 $132 (15. b3 Nc5 $15 {[%csl Re4]})) 14...
Nd7 15. Rd1 (15. Qxd6 Ne5 16. Qxd8 Rxd8 17. b3 Nd3+ 18. Kf1 Be6 $44 {[%csl Rf1]
}) 15... Ne5 16. b3 Qa5 17. Nd4 a6 {[%cal Gb7b5] Black caught an initiative
and wants to open the game for his pair of BB.} 18. O-O b5 19. cxb5 $6 $17 (19.
Nde2 $142 Bf8 $15 (19... bxc4 20. Qxd6 cxb3 21. axb3 Be6 22. Ra1 Qd8 $15) (
19... b4 20. Kh1 (20. Nb1 Nf7 21. a3 Rb8 22. Ng3 Be6 $15))) 19... axb5 20. a4
b4 $6 $15 ({Better was} 20... bxa4 $1 21. Nxa4 c5 22. Ne2 Nf7 $17 {[%csl Rb3]})
21. Na2 {[%csl Ra2]} ({Why not} 21. Nce2 Bb7 22. Nf4 Nf7 23. f3 gxf3 24. gxf3
$15) 21... Ba6 22. Rfe1 c5 23. Nc6 $8 Nxc6 24. Qd5+ Kh8 25. Qxc6 Be5 26. Rxd6 {
White had to sacrifice an exchange.} ({In case of} 26. Rd5 {Black leaves with
advantage:} Rac8 27. Qd7 (27. Rxe5 Rxc6 28. Rxe8+ Kg7 29. Re7+ Kg8 30. e5 dxe5
(30... d5 31. e6 $16 {[%csl Ge6,Rg8][%cal Ge3g5]}) 31. Rxe5 Rc8 $17) 27... Qc7
28. Qxc7 Rxc7 29. f4 gxf3 30. gxf3 Bb7 31. Rdd1 Rf7 $17) 26... Bb7 ({Or} 26...
Bxd6 27. Qxd6 Rad8 28. Qxc5 Qxc5 29. Bxc5 Rxe4 30. Ra1 Rd5 31. Bxb4 Rd3 32. Rb1
$44) 27. Qxc5 Qxc5 28. Bxc5 Bxd6 29. Bxd6 Rxe4 30. Rxe4 $2 $19 {Serious
mistake. Now position of White became helpless.} ({It was necessary to play} 
30. Bxb4 Rd8 31. Ra1 Rd3 32. Ba5 Kg8 (32... Rxb3 33. Nc1 $1 $16 {[%csl Rb3,Rh8]
}) 33. Nc3 $15) 30... Bxe4 31. Nxb4 Rd8 32. Be5+ Kg8 {[%csl Rg1][%cal Gd8d1]}
33. h3 (33. Kf1 Rd1+ 34. Ke2 Rb1 35. Nd3 Rxb3 36. Nc5 Rb4 37. a5 Bxg2 $19)
33... gxh3 34. gxh3 Rd1+ 35. Kh2 Rh1+ 36. Kg3 Rb1 37. Kf4 (37. Na6 Rxb3+ $19)
37... Rxb3 38. Na6 Bc6 39. h4 (39. a5 Rf3+ 40. Kg4 h5+ 41. Kh4 Kh7 $19) 39...
Rf3+ 40. Kg4 h5+ 0-1

[Event "EU-chT (Men) 14th"]
[Site "Plovdiv"]
[Date "2003.10.13"]
[Round "3.2"]
[White "Berkes, Ferenc"]
[Black "Jobava, Baadur"]
[Result "0-1"]
[WhiteElo "2616"]
[BlackElo "2605"]
[Annotator "Avrukh,B"]
[PlyCount "74"]
[EventDate "2003.10.10"]
[EventType "team-swiss"]
[EventRounds "9"]
[EventCountry "BUL"]
[SourceTitle "CBM 098"]
[Source "ChessBase"]
[SourceDate "2004.02.03"]
[SourceVersion "1"]
[SourceVersionDate "2004.02.03"]
[SourceQuality "1"]
[WhiteTeam "Hungary"]
[BlackTeam "Georgia"]
[WhiteTeamCountry "HUN"]
[BlackTeamCountry "GEO"]

1. d4 Nf6 2. c4 g6 3. Nc3 Bg7 4. e4 d6 5. Nf3 O-O 6. Be2 e5 7. Be3 Na6 8. d5 {
The practice clearly shows,that black has no opening problems after this
continuation and the present game once again proves this evaluation.} (8. O-O {
is much more popular alternative}) 8... Ng4 9. Bg5 f6 10. Bh4 h5 11. Nd2 c5 ({
Also good} 11... Qe8 12. h3 Nh6 13. g4 $6 (13. O-O $142) 13... hxg4 14. hxg4
Qe7 15. a3 c5 (15... Nf7 16. Qc2 Bh6 17. O-O-O c5 18. Kb1 Kg7 19. Bg3 $11 {
1/2-1/2 Giorgadze,G-Cramling,P/Cordoba 1995/EXT 2000 (30)}) 16. Nf1 Nf7 17. Ne3
Bh6 18. Qd3 Bd7 19. O-O-O Nc7 20. Kb1 Rfb8 {[%cal Gb7b5] with clear edge for
black 0-1 Simeonidis,I-Avrukh,B/Athens GRE 2003/The Week in Chess 461 (29)})
12. a3 (12. h3 Nh6 13. g4 (13. O-O $142) 13... hxg4 14. hxg4 Nf7 15. Qc2 Nb4 (
15... Bh6 $142) 16. Qb3 Bh6 17. O-O-O Kg7 18. Kb1 Bf4 $15 {1/2-1/2 Frog,
I-Shchekachev,A/Moscow 1999/EXT 2001 (41)}) 12... Qe8 13. h3 Nh6 14. g4 $2 {
Strategically very risky decision and in my opinion simply bad in this
concrete situation.White is losing control under black's squares on the
kingside(f4 and g5) and soon white's pawns on the kingside may be transformed
into a target for attack.} (14. O-O $142 Qe7 15. Bg3 {with very complicated
play} (15. Rb1 $5 {[%cal Gb2b4]})) 14... hxg4 15. hxg4 Nf7 {In my opinion
black has already  slightly better chances.He has a very clear plan of
developing his initiative on both sides:first Qe7,Bh6,Rh8 etc..and when white
will castle queen side to make a preparation for the b7-b5 advance with Nc7,
Bd7,a6,and Rb8;on the other hand white has almost no play .} 16. Qb3 $2 {
White is looking for possibilities to create some activity on the kingside,
however this appears to be a wrong strategy.} (16. Qc2 $142 {White should
better regroup his forces trying to find the most solid defensive set-up and
take some prophylactic measures against black's idea of b7-b5.} Qe7 17. O-O-O
Bh6 18. Kb1 Nc7 19. Bg3 Kg7 20. Rh2 Bd7 21. Rdh1 a6 {[%cal Gb7b5]} 22. Nb3 b5
$140 23. Na5 $1) 16... Qe7 17. Nd1 {Following the wrong idea} (17. O-O-O $142)
17... Bh6 18. Qh3 Kg7 19. Ne3 Rh8 20. Qg2 Bd7 21. O-O-O Nc7 {Now it becomes
clear,that white has achieved nothing,his queen poorely placed on g2 and b5-
advance will be fatal for white.} 22. Rdg1 Bf4 ({Also strong was} 22... b5 {
straightaway}) 23. Kb1 Ng5 24. Bxg5 (24. Bg3 b5 25. Rxh8 Rxh8 26. Rh1 Rxh1+ 27.
Qxh1 bxc4 28. Ndxc4 Nb5 $1 $17 {[%cal Gb5d4] and it is not much fun either,
although it was probably preferable to the text}) 24... fxg5 25. Rxh8 Rxh8 26.
Rh1 Rxh1+ 27. Qxh1 Bxe3 $1 28. fxe3 Ne8 $1 {[%csl Ge4,Gg4][%cal Ge8f6] The
point of black's previous move,despite losing the bishop pair,black gets a
stable advantage.White will be tied up with the defence of e4 and g4-pawns.}
29. Nf1 (29. b3 Nf6 30. Qh3 Qd8 $1 {[%cal Gd8h8]}) 29... Nf6 30. Nh2 Qd8 31.
Bf3 Qh8 32. Qg1 Ba4 $1 33. b4 {Only helps black to open the play on the
queenside,but it was difficult to give an advice.} (33. Ka2 Bc2 34. Qg2 Bd3 $1
35. b3 Qh4 36. Kb2 $140 Qe1 $1 $19 {[%csl Gb2]}) 33... b5 $1 $19 34. Kb2 (34.
bxc5 bxc4 35. c6 c3 36. Ka1 c2 $19) (34. cxb5 cxb4 35. axb4 Qb8 $19) 34... bxc4
35. Kc3 cxb4+ 36. axb4 a5 $1 37. bxa5 Qb8 0-1